Loading...
| Current Events | 1 | 20.00 | 100% | 100% | 0% |
| Fine Arts - Auditory Fine Arts | 4 | 15.00 | 75% | 75% | 0% |
| Fine Arts - Other Fine Arts | 6 | 15.00 | 83% | 67% | 0% |
| Fine Arts - Visual Fine Arts | 5 | 22.00 | 100% | 100% | 20% |
| Geography | 1 | 20.00 | 100% | 100% | 0% |
| History - American History | 4 | 20.00 | 100% | 100% | 0% |
| History - European History | 7 | 18.57 | 100% | 71% | 14% |
| History - Other History | 3 | 23.33 | 100% | 100% | 33% |
| History - World History | 4 | 22.50 | 100% | 100% | 25% |
| Literature - American Literature | 3 | 20.00 | 100% | 100% | 0% |
| Literature - British Literature | 6 | 18.33 | 100% | 50% | 33% |
| Literature - European Literature | 5 | 20.00 | 100% | 100% | 0% |
| Literature - World Literature | 7 | 22.86 | 100% | 100% | 29% |
| Mythology | 5 | 14.00 | 100% | 20% | 20% |
| Philosophy | 8 | 18.75 | 100% | 75% | 13% |
| Pop Culture | 2 | 15.00 | 100% | 50% | 0% |
| Religion | 4 | 17.50 | 75% | 50% | 50% |
| Science - Biology | 6 | 11.67 | 83% | 33% | 0% |
| Science - Chemistry | 6 | 16.67 | 100% | 50% | 17% |
| Science - Other Science | 4 | 10.00 | 75% | 25% | 0% |
| Science - Physics | 5 | 16.00 | 100% | 40% | 20% |
| Social Science | 1 | 20.00 | 100% | 100% | 0% |